[Event "Leitersdorf Region-ch"]
[Site "Leitersdorf"]
[Date "2012.01.07"]
[Round "5.1"]
[White "Benedikt, August"]
[Black "Schloffer, Jasmin Denise"]
[Result "1-0"]
[WhiteElo "2134"]
[BlackElo "1444"]
[PlyCount "129"]
[EventDate "2012.01.03"]
[EventType "swiss"]
[EventRounds "5"]
[EventCountry "AUT"]
[SourceTitle "EXT 2013"]
[Source "ChessBase"]
[SourceDate "2012.11.22"]
[SourceVersion "1"]
[SourceVersionDate "2012.11.22"]
[SourceQuality "1"]

1. d4 Nf6 2. e3 e6 3. Bd3 b6 4. Nf3 Bb7 5. 0-0 Be7 6. Nbd2 0-0 7. b3 d6 8. Bb2 Nbd7 9. Qe2 c5 10. c3 Qc7 11. Rac1 Rac8 12. Rfe1 d5 13. c4 Qb8 14. cxd5 Nxd5 15. Bb1 cxd4 16. Nxd4 Nc5 17. a3 Ba6 18. Qf3 Nf6 19. e4 Bb7 20. Qh3 h6 21. Re3 Bd6 22. g3 Rcd8 23. Nb5 Be5 24. Bxe5 Qxe5 25. Nc4 Qb8 26. Rce1 e5 27. Nc3 Bc8 28. Qg2 Ng4 29. R3e2 Nxb3 30. Nd5 Bb7 31. h3 Nf6 32. Ne7+ Kh8 33. Ba2 Nd4 34. Rb2 Qc7 35. Rb5 Qxe7 36. Rxe5 Qc7 37. f4 Rfe8 38. g4 Rxe5 39. Nxe5 Ne6 40. Bxe6 fxe6 41. g5 Qc5+ 42. Qf2 Qxf2+ 43. Kxf2 Nxe4+ 44. Rxe4 Bxe4 45. Nf7+ Kg8 46. Nxd8 Bd5 47. g6 e5 48. fxe5 Kf8 49. Ke3 Ke7 50. Kd4 Kxd8 51. Kxd5 Ke7 52. Kc6 Ke6 53. Kb7 Kxe5 54. Kxa7 Kf4 55. Kxb6 Kg3 56. a4 Kxh3 57. a5 h5 58. a6 h4 59. a7 Kg3 60. a8Q h3 61. Qh1 h2 62. Kc5 Kh3 63. Kd4 Kg3 64. Ke3 Kh3 65. Kf4 1-0